Statistiques concernant Devinez le Département Mystère #67

Cliquez ici pour prendre le quiz!

Statistiques générales

  • Ce quiz a été pris 97 fois
  • Le résultat moyen est 26 sur 32

Statistiques - réponses

Type de RéponseRéponse% Correct
Lettre de l'AlphabetE
100%
Lettre de l'AlphabetN
100%
Lettre TrouvéeR
100%
Lettre TrouvéeA
99%
Lettre de l'AlphabetO
99%
Lettre TrouvéeI
96%
Lettre TrouvéeS
96%
Lettre de l'AlphabetT
96%
Lettre de l'AlphabetH
95%
Lettre de l'AlphabetL
93%
Lettre de l'AlphabetD
90%
Lettre de l'AlphabetV
88%
Lettre de l'AlphabetM
87%
Lettre de l'AlphabetU
86%
Lettre de l'AlphabetB
85%
Lettre de l'AlphabetC
85%
Lettre de l'AlphabetG
79%
Lettre de l'AlphabetF
75%
Lettre de l'AlphabetY
74%
Lettre de l'AlphabetJ
73%
Lettre Bien PlacéeA
70%
Lettre Bien PlacéeR
70%
Lettre Bien PlacéeS
69%
Lettre de l'AlphabetZ
68%
Lettre TrouvéeP
65%
Lettre Bien PlacéeI
62%
Lettre de l'AlphabetK
62%
Lettre Bien PlacéeP
62%
Département MystèreParis
62%
Lettre de l'AlphabetQ
62%
Lettre de l'AlphabetW
62%
Lettre de l'AlphabetX
62%

Distribution des résultats

Percentile par nombre de réponses

% des personnes avec chaque résultat

Votre développement - résultats

Vous n’avez pas pris ce quiz